00214nam a2200085Ia 4500008004100000041000800041100002000049245001700069260004200086230206s9999 xx 000 0 und d aeng aMurthy E N, Ed. aE - Business c2010bThe ICFAI UniversityaHyderabad